000 01126nam2a22002651 4500
001 rc\844498
005 20250622102642.0
035 _a(NLR Aleph) 006238644
090 _a6646166
_c6646166
100 _a20041129d1984 |||y0rusy50 ca
101 0 _arus
102 _aRU
105 _aa |||||||||
200 0 _a[Т.] 3
_f[Н. Криг, Р. Смайберт, Р. Колуэлл и др.]
210 _d1984
_aБ. м.
215 _a264 с.
_cил.
320 _aБиблиогр. в конце глав
320 _aУказ. латин. назв. и предм.: с. 239-262
461 0 _1001rc\844495
_12001#$aМетоды общей бактериологии$eВ 3 т.$fПод ред. Ф. Герхардта и др.$gПер. с англ. под ред. Е.Н. Кондратьевой, Л.В. Калакуцкого$v[Т.] 3
_96646141
_cМ.
_d1983-
_fПод ред. Ф. Герхардта и др.
_nМир
_oВ 3 т.
_tМетоды общей бактериологии
_v[Т.] 3
701 1 _aКриг
_bН.
801 0 _aRU
_bNLR
_gpsbo
801 1 _aRU
_bELAR
_2rusmarc
852 _aNLR
_j84-3/1632
942 _cBOOK
980 _aNB